Katastralgemeinden von Zwettl mit Karte - Statistiken

Allgemein
  • Dieses Quiz wurde 64 mal gespielt
  • Das Durchschnittsergebnis liegt bei 48 aus 61
Antworten auf der Karte
Die Antworten werden auf der Karte rot bzw. grün angezeigt, abhängig davon wie oft sie richtig erraten wurden.
 
Antwortstatistiken
Status Einwohnerzahl Katastralgemeinde % Korrekt
Bewohnt 3808 Zwettl Stadt
100%
Bewohnt 385 Zwettl Stift
91%
Bewohnt 475 Friedersbach
87%
Bewohnt 324 Großglobnitz
87%
Bewohnt 466 Jagenbach
87%
Bewohnt 21 Kleehof
87%
Bewohnt - Koppenzeil
87%
Bewohnt 44 Negers
87%
Bewohnt - Oberhof
87%
Bewohnt 48 Ottenschlag
87%
Bewohnt 63 Rosenau Dorf
87%
Bewohnt 48 Rosenau Schloß
87%
Bewohnt 575 Rudmanns
87%
Bewohnt 99 Annatsberg
83%
Bewohnt 5 Bernhards
83%
Bewohnt 0 Edelhof
83%
Bewohnt 142 Eschabruck
83%
Bewohnt 99 Germanns
83%
Bewohnt 141 Großhaslau
83%
Bewohnt 74 Hörmanns
83%
Bewohnt 44 Koblhof
83%
Bewohnt 139 Merzenstein
83%
Bewohnt 72 Niederglobnitz
83%
Bewohnt 285 Niederneustift
83%
Bewohnt 187 Niederstrahlbach
83%
Entvölkert 0 Oberplöttbach
83%
Bewohnt 347 Oberstrahlbach
83%
Bewohnt 67 Ratschenhof
83%
Bewohnt 117 Unterrosenauerwaldhäuser
83%
Bewohnt 35 Böhmhöf
78%
Bewohnt 33 Gerlas
78%
Bewohnt 181 Gerotten
78%
Bewohnt 159 Gschwendt
78%
Bewohnt 247 Marbach am Walde
78%
Bewohnt 256 Moidrams
78%
Bewohnt 47 Neusiedl
78%
Entvölkert 0 Pötzles
78%
Bewohnt 11 Schickenhof
78%
Bewohnt 96 Syrafeld
78%
Bewohnt 57 Uttissenbach
78%
Bewohnt 159 Waldhams
78%
Bewohnt 122 Gradnitz
74%
Bewohnt 30 Hörweix
74%
Bewohnt 135 Jahrings
74%
Entvölkert 0 Kühbach
74%
Bewohnt 134 Mitterreith
74%
Bewohnt 25 Purken
74%
Bewohnt 223 Rieggers
74%
Bewohnt 32 Rottenbach
74%
Bewohnt 28 Bösenneunzen
70%
Entvölkert 0 Flachau
70%
Bewohnt 93 Kleinmeinharts
70%
Bewohnt 132 Kleinotten
70%
Bewohnt 108 Unterrabenthan
70%
Bewohnt 66 Wolfsberg
70%
Bewohnt 132 Kleinschönau
65%
Bewohnt 33 Mayerhöfen
65%
Bewohnt 4 Ritzmannshof
61%
Entvölkert 0 Wildings
61%
Bewohnt 69 Guttenbrunn
52%
Entvölkert 0 Oberndorf
39%
Keine übereinstimmenden Quizze gefunden
Verteilung der Resultate
Anzahl Personen mit jedem Resultat
Perzentil nach korrekt beantworteten Fragen
Ihre Resultats-Entwicklung
Sie haben dieses Quiz noch nicht gespielt